ツムラの漢方 - Statistics

General Stats
  • This quiz has been taken 29 times
  • The average score is 4 of 128
Answer Stats
Hint Answer % Correct
1 葛根湯
86%
17 五苓散
29%
68 芍薬甘草湯
29%
16 半夏厚朴湯
24%
27 麻黄湯
24%
54 抑肝散
24%
14 半夏瀉心湯
14%
19 小青竜湯
14%
45 桂枝湯
14%
2 葛根湯加川芎辛夷
10%
5 安中散
10%
23 当帰芍薬散
10%
29 麦門冬湯
10%
43 六君子湯
10%
100 大建中湯
10%
138 桔梗湯
10%
7 八味地黄丸
5%
10 柴胡桂枝湯
5%
20 防已黄耆湯
5%
24 加味逍遙散
5%
25 桂枝茯苓丸
5%
31 呉茱萸湯
5%
37 半夏白朮天麻湯
5%
38 当帰四逆加呉茱萸生姜湯
5%
40 猪苓湯
5%
41 補中益気湯
5%
50 荊芥連翹湯
5%
60 桂枝加芍薬湯
5%
69 茯苓飲
5%
90 清肺湯
5%
95 五虎湯
5%
103 酸棗仁湯
5%
104 辛夷清肺湯
5%
115 胃苓湯
5%
116 茯苓飲合半夏厚朴湯
5%
3 乙字湯
0%
6 十味敗毒湯
0%
8 大柴胡湯
0%
9 小柴胡湯
0%
11 柴胡桂枝乾姜湯
0%
12 柴胡加竜骨牡蛎湯
0%
15 黄連解毒湯
0%
18 桂枝加朮附湯
0%
21 小半夏加茯苓湯
0%
22 消風散
0%
26 桂枝加竜骨牡蛎湯
0%
28 越婢加朮湯
0%
30 真武湯
0%
32 人参湯
0%
33 大黄牡丹皮湯
0%
34 白虎加人参湯
0%
35 四逆散
0%
36 木防已湯
0%
39 苓桂朮甘湯
0%
46 七物降下湯
0%
47 釣藤散
0%
48 十全大補湯
0%
51 潤腸湯
0%
52 薏苡仁湯
0%
53 疎経活血湯
0%
55 麻杏甘石湯
0%
56 五淋散
0%
57 温清飲
0%
58 清上防風湯
0%
59 治頭瘡一方
0%
61 桃核承気湯
0%
62 防風通聖散
0%
63 五積散
0%
64 炙甘草湯
0%
65 帰脾湯
0%
66 参蘇飲
0%
67 女神散
0%
70 香蘇散
0%
71 四物湯
0%
72 甘麦大棗湯
0%
73 柴陥湯
0%
74 調胃承気湯
0%
75 四君子湯
0%
76 竜胆瀉肝湯
0%
77 芎帰膠艾湯
0%
78 麻杏薏甘湯
0%
79 平胃散
0%
80 柴胡清肝湯
0%
81 二陳湯
0%
82 桂枝人参湯
0%
83 抑肝散加陳皮半夏
0%
84 大黄甘草湯
0%
85 神秘湯
0%
86 当帰飲子
0%
87 六味丸
0%
88 二朮湯
0%
89 治打撲一方
0%
91 竹筎温胆湯
0%
92 滋陰至宝湯
0%
93 滋陰降火湯
0%
96 柴朴湯
0%
97 大防風湯
0%
98 黄耆建中湯
0%
99 小建中湯
0%
101 升麻葛根湯
0%
102 当帰湯
0%
105 通導散
0%
106 温経湯
0%
107 牛車腎気丸
0%
108 人参養栄湯
0%
109 小柴胡湯加桔梗石膏
0%
110 立効散
0%
111 清心蓮子飲
0%
112 猪苓湯合四物湯
0%
113 三黄瀉心湯
0%
114 柴苓湯
0%
117 茵蔯五苓散
0%
118 苓姜朮甘湯
0%
119 苓甘姜味辛夏仁湯
0%
120 黄連湯
0%
121 三物黄芩湯
0%
122 排膿散及湯
0%
123 当帰建中湯
0%
124 川芎茶調散
0%
125 桂枝茯苓丸加薏苡仁
0%
126 麻子仁丸
0%
127 麻黄附子細辛湯
0%
128 啓脾湯
0%
133 大承気湯
0%
134 桂枝加芍薬大黄湯
0%
135 茵蔯蒿湯
0%
136 清暑益気湯
0%
137 加味帰脾湯
0%
No matching quizzes found
Score Distribution
Percent of People with Each Score
Percentile by Number Answered
Your Score History
You have not taken this quiz